000 00692nam a2200193Ia 4500
003 GCL
008 140319s9999 xx 000 0 ara d
040 _aGCL /
_cGCL
082 0 4 _a956.708
_bم ش
100 1 _aمحمد الأنور
245 1 0 _aشاهد على معركة لم تنته - أسرار سقوط بغداد /
_cمحمد الأنور
260 _aالقاهرة :
_bمؤسسة الاهرام ،
_c2003
300 _a181 ص ؛
_c24 سم
650 0 4 _aجرائم الحرب
650 0 4 _aجرائم ضد الانسانية
650 0 4 _aالعراق - تاريخ -العصر الحديث
650 0 4 _aالاعتداء الامريكى على العراق
942 _2ddc
_cBK
999 _c6487
_d6487